|
|
|
|
| LEADER |
00000nam0a2200000 4500 |
| 001 |
253989 |
| 005 |
20231101232908.0 |
| 010 |
|
|
|a 9785160053257
|
| 035 |
|
|
|a (RuTPU)RU\TPU\book\276410
|
| 090 |
|
|
|a 253989
|
| 100 |
|
|
|a 20140318d2014 m y0rusy50 ca
|
| 101 |
0 |
|
|a rus
|
| 102 |
|
|
|a RU
|
| 105 |
|
|
|a a j 001zy
|
| 200 |
1 |
|
|a Начертательная геометрия
|e учебное пособие
|f Ю. А. Зайцев, И. П. Одиноков, М. К. Решетников
|g Саратовский государственный технический университет (СГТУ) ; под ред. Ю. А. Зайцева
|
| 210 |
|
|
|a Москва
|c Инфра-М
|d 2014
|
| 215 |
|
|
|a 248 с.
|c ил.
|
| 225 |
1 |
|
|a Высшее образование. Бакалавриат
|
| 320 |
|
|
|a Библиогр.: с. 242.
|
| 330 |
|
|
|a Содержит основные теоретические положения курса начертательной геометрии. Рассмотрение традиционных позиционных и метрических задач сопровождается динамикой построений в соответствии со ступенями алгоритма, отвечающими определенным условиям. Учебное пособие имеет целью дать студентам необходимые практические навыки в решении задач, что способствует более глубокому усвоению теоретических основ начертательной геометрии. Предназначается для студентов высших учебных заведений по техническим направлениям.
|
| 606 |
1 |
|
|a Начертательная геометрия
|2 stltpush
|3 (RuTPU)RU\TPU\subj\45211
|9 64468
|
| 610 |
1 |
|
|a геометрические фигуры
|
| 610 |
1 |
|
|a ортогональное проецирование
|
| 610 |
1 |
|
|a эпюры
|
| 610 |
1 |
|
|a преобразование
|
| 610 |
1 |
|
|a позиционные задачи
|
| 610 |
1 |
|
|a точки пересечения
|
| 610 |
1 |
|
|a плоскости
|
| 610 |
1 |
|
|a параллельность
|
| 610 |
1 |
|
|a перпендикулярность
|
| 610 |
1 |
|
|a гранные поверхности
|
| 610 |
1 |
|
|a кривые поверхности
|
| 610 |
1 |
|
|a плоскости
|
| 610 |
1 |
|
|a касательные
|
| 610 |
1 |
|
|a метрические задачи
|
| 610 |
1 |
|
|a учебные пособия
|
| 675 |
|
|
|a 514.18(075.8)
|v 3
|
| 700 |
|
1 |
|a Зайцев
|b Ю. А.
|g Юрий Александрович
|
| 701 |
|
1 |
|a Одиноков
|b И. П.
|g Игорь Петрович
|
| 701 |
|
1 |
|a Решетников
|b М. К.
|g Михаил Константинович
|
| 702 |
|
1 |
|a Зайцев
|b Ю. А.
|g Юрий Александрович
|4 340
|
| 712 |
0 |
2 |
|a Саратовский государственный технический университет (СГТУ)
|c (1992- )
|2 stltpush
|3 (RuTPU)RU\TPU\col\95
|
| 801 |
|
1 |
|a RU
|b 63413507
|c 20140318
|
| 801 |
|
2 |
|a RU
|b 63413507
|c 20150702
|g RCR
|
| 942 |
|
|
|c BK
|
| 959 |
|
|
|a 51/20140317
|d 7
|e 399,90
|f ЧЗТЛ:1
|f АНЛ:1
|f УФ:5
|